| 000 | 00619cam a2200193 4500500 | ||
|---|---|---|---|
| 005 | 20260405003946.0 | ||
| 041 | _afre | ||
| 042 | _adc | ||
| 100 | 1 | 0 |
_aLacroix, Alexandre _eauthor |
| 245 | 0 | 0 | _aCe qui nous fait passer à l’action, avec Camus, Havel et Patočka |
| 260 | _c2025. | ||
| 500 | _a48 | ||
| 690 | _aAlbert Camus | ||
| 690 | _aEngagement | ||
| 690 | _aJan Patocka | ||
| 690 | _aVáclav Havel | ||
| 786 | 0 | _nPhilosophie magazine | 193 | 10 | 2025-10-01 | p. 73-81 | 1951-1787 | |
| 856 | 4 | 1 | _uhttps://shs.cairn.info/magazine-philosophie-magazine-2025-10-page-73?lang=fr&redirect-ssocas=7080 |
| 999 |
_c2072436 _d2072436 |
||